000 005390000a22001810004500
003 MACL
005 20160421152806.0
008 160421b xxu||||| |||| 00| 0 eng d
040 _aMACL
_cMACL
041 _aHindi
082 _a796
100 _aसत्‍यवीर पांचाल
_953190
245 _aलोकप्रिय खेल कुश्‍ती
260 _bगीता प्रकाशन
_c2005
_aदिल्‍ली
350 _a100
650 _aOutdoor Sports & game
_91577
942 _cHIN
_k796
_2ddc
999 _c18770
_d18770